Statistiques concernant Les stations du métro marseillais sur une carte

Cliquez ici pour prendre le quiz!

Statistiques générales

  • Ce quiz a été pris 127 fois
    (124 depuis la dernière actualisation)
  • Le résultat moyen est 15 sur 29

Réponses sur la Carte

Les réponses sont colorées sur une échelle allant du rouge au vert en fonction du pourcentage des utilisateurs qui les ont devinées à leur premier essai. Vous pouvez retrouver ces pourcentages ci-dessous.
 

Statistiques - réponses

LigneStation% Correct
1Vieux Port
91%
1,2Saint-Charles
81%
1,2Castellane
75%
1La Rose
71%
2Noailles
60%
1Réformés / Canebière
59%
2Rond point du Prado
57%
2Sainte-Marguerite-Dromel
57%
2Joliette
54%
2Notre-Dame-du-Mont / Cours Julien
54%
2Périer
54%
1La Fourragère
53%
1La Timone
53%
2Gèze
51%
1La Blancarde
50%
1Estrangin / Préfecture
49%
1Cinq Avenues / Longchamp
46%
1Colbert
46%
1Malpassé
46%
1Baille
44%
1Frais Vallon
44%
2Désirée Clary
41%
2Jules Guesde
40%
2Bougainville
37%
2National
35%
1Saint-Just
35%
1Louis Armand
34%
1Chartreux
32%
1Saint-Barnabé
32%

Distribution des résultats

Percentile par nombre de réponses

% des personnes avec chaque résultat

Votre développement - résultats

Vous n’avez pas pris ce quiz depuis la dernière actualisation